000
00221nam a2200097Ia 4500
008
190216s9999||||xx |||||||||||||| ||und||
100
_a
Haill L A
245
0
_a
Guide To Correct English
260
_b
Oup London
942
_c
BK
999
_c
15193
_d
15193